| 000 | 01363nac a22002531u 4500 | ||
|---|---|---|---|
| 008 | 110116t xxu||||| |||| 00| 0 eng d | ||
| 082 |
_a629.22203 _bه ن د |
||
| 100 |
_a20080729 _921995 |
||
| 245 |
_a /هندسة السيارات _cتصنيف محمد عبد المجيد نصار؛ مراجعة أنور محمود عبد الواحد ؛ تقديم حسن مرعي |
||
| 246 |
_aTechnical Dictionary : _bAutomotive Engineering |
||
| 246 |
_aDictionnaire Technique : _bTechnique Automobile |
||
| 246 |
_aTechnisches Worterbuch : _bKraftfahrzeugtechnik |
||
| 260 |
_aالقاهرة : _bالأهرام ،1978 _c1978. |
||
| 300 |
_a1 مج (ترقيم متعدد) : _bأيض ؛ _c20سم |
||
| 490 |
_921987 _aالمعاجم التكنولوجية التخصصية |
||
| 500 | _aعربي مع التعاريف ،إنجليزي ، فرنسي، ألماني | ||
| 650 |
_aهندسة السيارات _921909 |
||
| 650 |
_aالسيارات _921994 |
||
| 700 |
_aعبد الواحد ، أنور محمود _921593 |
||
| 700 |
_aنصار ، محمد عبد المجيد _921998 |
||
| 700 |
_aمرعي ، حسن _922000 |
||
| 942 |
_cBB _k629.22203 ه ن د _2ddc |
||
| 999 |
_c6461 _d6461 |
||